=LDR 00000nam 2200000 4500 =001 INLIS000000000039217 =005 20130612144848 =008 ***********************************ind** =035 ##$$0010-061300000039217 =041 ##$$a ind =082 ##$$a 745.5 =100 ##$$a tiyani, lisa =245 ##$$a kreasi boks hadiah =260 ##$$b kriya pustaka =300 ##$$a 102 hlm =850 ##$$a NBPNMAT